| 000 | 01177cam a2200301 i 4500 | ||
|---|---|---|---|
| 001 | 64312 | ||
| 003 | Mx-PuUPA | ||
| 005 | 20220921131643.0 | ||
| 008 | 151007s1980 mx gr 000 0 spa d | ||
| 020 | _z9684292090 | ||
| 040 |
_aMx-PuUPA _bspa _erda _cMx-PuUPA _dMx-PuUPA |
||
| 041 | 0 | _aspa | |
| 100 | 1 |
_aBeltrán, Luis Ramiro, _dConsultor _eautor _913262 |
|
| 245 | 1 | 0 |
_aComunicación dominada : _bEstados Unidos en los medio de América Latina / _cLuis Ramiro Beltrán y Elizabeth Fox de Cardona |
| 250 | _aPrimera edición | ||
| 264 | 1 |
_aMéxico, D.F. : _bEditorial Nueva Imagen, _bInstituto Latinoamericano de Estudios Transnacionales, _c©1980 |
|
| 300 |
_a176 páginas ; _c20 cm |
||
| 336 |
_atexto _btxt _2rdacontent |
||
| 337 |
_asin medio _bn _2rdamedia |
||
| 338 |
_avolumen _bnc _2rdacarrier |
||
| 650 | 7 |
_2armarc _aMedios de comunicación de masas _zAmérica Latina |
|
| 650 | 7 |
_2armarc _aMedios de comunicación _zEstados Unidos _xInfluencia |
|
| 650 | 7 |
_2armarc _aInfluencia de los medios de comunicación |
|
| 700 | 1 |
_aFox de Cardona, Elizabeth, _eautor |
|
| 942 |
_2ddc _cLI _h302.23 _iB425 |
||
| 999 |
_c64312 _d64312 |
||